000 00511nam a2200181Ia 4500
001 28566
008 171221s1951 ii g b000 u 465 u
082 _a311.2
100 _aBrookes, B.C. .
245 0 _aIntroduction to Statistical Method /
_cB.C. Brookes & W.F. L. Dick.
_hTextual Documents
250 _a1st ed. /
260 _aLondon :
_bWilliam Heinemann Ltd. ,
_c1951.
300 _a288p. ;
_c22cm.
653 _aStatistics
653 _aT/G-Statistics
700 _aDick, W.F. L. .
942 _2ddc
_cBK
999 _c28548
_d28548